[Event "Seville op 47th"]
[Site "Seville"]
[Date "2022.07.22"]
[Round "8"]
[White "Espinosa Aranda, Angel"]
[Black "Cebrian Flores, Juan Antonio"]
[Result "1-0"]
[WhiteElo "2439"]
[BlackElo "2004"]
[PlyCount "63"]
[EventDate "2022.07.16"]
[EventType "swiss"]
[EventRounds "9"]
[EventCountry "ESP"]
[SourceTitle "CBM 209 Extra"]
[Source "ChessBase"]
[SourceDate "2022.09.30"]
[SourceVersion "1"]
[SourceVersionDate "2022.09.30"]
[SourceQuality "1"]

1. e4 d6 2. d4 Nf6 3. Nc3 g6 4. f4 Bg7 5. Bd3 c6 6. Nf3 0-0 7. 0-0 Bg4 8. Be3 Na6 9. a3 Nd7 10. Qe1 Bxf3 11. Rxf3 c5 12. d5 Nc7 13. a4 a6 14. a5 Rb8 15. Rh3 e6 16. dxe6 fxe6 17. Bc4 b5 18. axb6 Nxb6 19. Ba2 Qe7 20. Rd1 Kh8 21. Qg3 Rg8 22. Ne2 Bxb2 23. c3 Nb5 24. Bd2 c4 25. Be3 d5 26. f5 exf5 27. Bg5 Qg7 28. Rxh7+ Qxh7 29. Bf6+ Rg7 30. Qxb8+ Qg8 31. Qxb6 fxe4 32. Bxc4 1-0

[Event "Seville op 47th"]
[Site "Seville"]
[Date "2022.07.20"]
[Round "6"]
[White "Enchev, Ivajlo"]
[Black "Cebrian Flores, Juan Antonio"]
[Result "1-0"]
[WhiteElo "2445"]
[BlackElo "2004"]
[PlyCount "95"]
[EventDate "2022.07.16"]
[EventType "swiss"]
[EventRounds "9"]
[EventCountry "ESP"]
[SourceTitle "CBM 209 Extra"]
[Source "ChessBase"]
[SourceDate "2022.09.30"]
[SourceVersion "1"]
[SourceVersionDate "2022.09.30"]
[SourceQuality "1"]

1. d4 Nf6 2. c4 d6 3. Nf3 g6 4. Nc3 Bg7 5. e4 0-0 6. Be2 e5 7. 0-0 Nc6 8. d5 Ne7 9. b4 Nh5 10. g3 a5 11. bxa5 Rxa5 12. Nd2 Nf6 13. Nb3 Ra8 14. c5 Ne8 15. Be3 f5 16. f3 Kh8 17. Nd2 f4 18. Bf2 fxg3 19. hxg3 g5 20. Kg2 Ng6 21. Rh1 Qf6 22. Bg1 Qe7 23. cxd6 cxd6 24. Nc4 Nf6 25. Be3 Nd7 26. Qd2 g4 27. fxg4 Nc5 28. Bxc5 dxc5 29. d6 Qd8 30. Rab1 Rb8 31. Ne3 Rf6 32. Rbd1 Be6 33. Nf5 Bf8 34. Nd5 Rf7 35. Nc3 c4 36. a4 Rd7 37. Nb5 Kg8 38. Qb4 Qf6 39. Bxc4 Qf7 40. Rc1 Kh8 41. Bxe6 Qxe6 42. Qc4 Qf6 43. Rh5 Qd8 44. Qe6 Rc8 45. Rxh7+ Rxh7 46. Rxc8 Qg5 47. Rxf8+ Nxf8 48. Qxe5+ 1-0

[Event "La Roda op 47th"]
[Site "La Roda"]
[Date "2021.12.04"]
[Round "1"]
[White "Cebrian Flores, Juan Antonio"]
[Black "Carrasco Martinez, Juan Manuel"]
[Result "1/2-1/2"]
[WhiteElo "1876"]
[BlackElo "2382"]
[PlyCount "46"]
[EventDate "2021.12.04"]
[EventType "swiss"]
[EventRounds "9"]
[EventCountry "ESP"]
[SourceTitle "CBM 205 Extra"]
[Source "ChessBase"]
[SourceDate "2022.01.31"]
[SourceVersion "1"]
[SourceVersionDate "2022.01.31"]
[SourceQuality "1"]

1. d4 Nf6 2. c4 c5 3. Nf3 cxd4 4. Nxd4 e5 5. Nc2 d5 6. cxd5 Qxd5 7. Qxd5 Nxd5 8. e4 Nb4 9. Nxb4 Bxb4+ 10. Bd2 Nc6 11. Bb5 Bd7 12. Bxc6 Bxd2+ 13. Nxd2 Bxc6 14. f3 0-0-0 15. Nc4 f6 16. Rd1 Rxd1+ 17. Kxd1 Bd7 18. Ne3 Be6 19. b3 Rd8+ 20. Kc2 Kc7 21. Rd1 Rxd1 22. Nxd1 a5 23. a3 Kc6 1/2-1/2

[Event "Sueca op 5th"]
[Site "Sueca"]
[Date "2019.07.25"]
[Round "5"]
[White "Sanchez Jerez, Emilio Miguel"]
[Black "Cebrian Flores, Juan Antonio"]
[Result "0-1"]
[WhiteElo "2232"]
[BlackElo "2042"]
[PlyCount "128"]
[EventDate "2019.07.22"]
[EventType "swiss"]
[EventRounds "9"]
[EventCountry "ESP"]
[SourceTitle "EXT 2020"]
[Source "ChessBase"]
[SourceDate "2019.10.17"]
[SourceVersion "1"]
[SourceVersionDate "2019.10.17"]
[SourceQuality "1"]

1. e4 g6 2. d4 Bg7 3. Nf3 d6 4. Nc3 Nf6 5. Bd3 0-0 6. Ne2 Nc6 7. Ng3 e5 8. d5 Ne7 9. h4 c6 10. dxc6 Nxc6 11. h5 d5 12. hxg6 hxg6 13. Bg5 Qa5+ 14. Qd2 Qxd2+ 15. Kxd2 dxe4 16. Bxf6 exf3 17. Bxg7 Kxg7 18. gxf3 Nd4 19. Ke3 Ne6 20. Rag1 Nf4 21. Nh5+ Nxh5 22. Rxh5 Kf6 23. Rh4 Bf5 24. Rb4 b6 25. Be4 Rac8 26. Rc1 Rfd8 27. a4 Rc5 28. Rb5 Rdc8 29. Rxc5 Rxc5 30. c4 a5 31. b3 Be6 32. Bb7 Rc7 33. Be4 Ke7 34. Rh1 Kd6 35. Kd2 Kc5 36. Kc3 Rd7 37. Rh8 Rc7 38. Rd8 Rc8 39. Rd2 f5 40. Bd5 Re8 41. Bb7 Re7 42. Ba8 Re8 43. Bb7 Re7 44. Ba6 Rd7 45. Re2 Kd6 46. Bb5 Rh7 47. Rd2+ Kc7 48. Re2 Kd6 49. Rd2+ Kc7 50. Be8 g5 51. Re2 Kd6 52. b4 Rh3 53. Re3 g4 54. c5+ bxc5 55. Rd3+ Ke7 56. Bc6 cxb4+ 57. Kd2 gxf3 58. Ke3 e4 59. Rd1 Rh8 60. Rg1 Kf6 61. Rd1 Ke5 62. Rc1 f4+ 63. Kd2 Kd4 64. Re1 e3+ 0-1

[Event "Sueca op 5th"]
[Site "Sueca"]
[Date "2019.07.24"]
[Round "3"]
[White "Cebrian Flores, Juan Antonio"]
[Black "Kovacevic, Slobodan"]
[Result "0-1"]
[WhiteElo "2042"]
[BlackElo "2257"]
[PlyCount "186"]
[EventDate "2019.07.22"]
[EventType "swiss"]
[EventRounds "9"]
[EventCountry "ESP"]
[SourceTitle "EXT 2020"]
[Source "ChessBase"]
[SourceDate "2019.10.17"]
[SourceVersion "1"]
[SourceVersionDate "2019.10.17"]
[SourceQuality "1"]

1. d4 Nf6 2. c4 e6 3. Nc3 c5 4. d5 exd5 5. cxd5 d6 6. e4 g6 7. f4 Bg7 8. Bb5+ Nfd7 9. a4 0-0 10. Nf3 a6 11. Bd3 Nf6 12. h3 Re8 13. 0-0 Nbd7 14. Re1 Qc7 15. Qe2 Nb6 16. Be3 Rb8 17. Qf2 Nbd7 18. Nd2 b6 19. Qf1 Ra8 20. Nc4 Bb7 21. Qf3 h6 22. Bf2 Nh7 23. Rad1 Bd4 24. Kh2 Rab8 25. Bg3 Rbd8 26. Re2 Ndf6 27. Rf1 Nh5 28. Bh4 Rb8 29. g4 Nxf4 30. Qxf4 g5 31. Qd2 gxh4 32. Qxh6 Nf8 33. Qxh4 Bc8 34. Ne3 Ng6 35. Qg5 c4 36. Nxc4 b5 37. axb5 axb5 38. Ne3 b4 39. Ncd1 Qe7 40. Qxe7 Rxe7 41. Nc4 Ne5 42. Nxe5 Bxe5+ 43. Kg2 Bd4 44. Ne3 Bc5 45. Nf5 Bxf5 46. exf5 Rxe2+ 47. Bxe2 Re8 48. Bc4 Re3 49. b3 Bd4 50. g5 Re4 51. Rf3 f6 52. g6 Kg7 53. Bb5 Re5 54. Bc6 Re2+ 55. Kf1 Re3 56. Rf4 Bc5 57. Rh4 Rf3+ 58. Ke2 Rxf5 59. Rg4 Rf2+ 60. Kd1 Rf3 61. h4 Rxb3 62. h5 Rh3 63. Re4 Re3 64. Rxe3 Bxe3 65. Ke2 Bh6 66. Ba4 f5 67. Bc2 Kf6 68. Kf3 Ke5 69. Ke2 f4 70. Kf3 Kxd5 71. g7 Bxg7 72. Kxf4 Bh6+ 73. Kf3 Kc4 74. Ke2 Kc3 75. Bg6 b3 76. Kd1 d5 77. Bf7 d4 78. Be6 Kb2 79. Ke2 Kc2 80. Bf5+ Kc1 81. Kd3 Bg7 82. Be6 b2 83. Ba2 b1Q+ 84. Bxb1 Kxb1 85. h6 Bh8 86. Kd2 Kb2 87. h7 Kb3 88. Kd3 Kb4 89. Kd2 Kc4 90. Kc2 d3+ 91. Kd1 Kc3 92. Kc1 Bf6 93. Kd1 d2 0-1

[Event "Roquetas de Mar op 29th"]
[Site "Roquetas de Mar"]
[Date "2018.01.02"]
[Round "1"]
[White "Cebrian Flores, Juan Antonio"]
[Black "Barski, Radoslaw"]
[Result "0-1"]
[WhiteElo "2033"]
[BlackElo "2457"]
[PlyCount "60"]
[EventDate "2018.01.02"]
[EventType "swiss"]
[EventRounds "9"]
[EventCountry "ESP"]
[SourceTitle "CBM 182 Extra"]
[Source "ChessBase"]
[SourceDate "2018.02.23"]
[SourceVersion "1"]
[SourceVersionDate "2018.02.23"]
[SourceQuality "1"]

1. e4 c5 2. Nf3 d6 3. d4 cxd4 4. Nxd4 Nf6 5. Nc3 a6 6. Be3 e6 7. f3 b5 8. a4 b4 9. Na2 e5 10. Nb3 Nc6 11. Bc4 Rb8 12. Qe2 a5 13. 0-0 Be7 14. Bb5 Bd7 15. Rfd1 0-0 16. c3 bxc3 17. Nxc3 Be6 18. Nc5 Nd4 19. Bxd4 exd4 20. Nxe6 fxe6 21. Rxd4 Qb6 22. Qc4 d5 23. exd5 Bc5 24. dxe6 Bxd4+ 25. Kh1 Rfc8 26. Qb3 Bxc3 27. bxc3 Qe3 28. e7+ Kh8 29. Qf7 Ng8 30. Bd7 Rxc3 0-1

[Event "Almansa op-A 12th"]
[Site "Almansa"]
[Date "2017.08.05"]
[Round "8"]
[White "Prieto Aranguren, Alain"]
[Black "Cebrian Flores, Juan Antonio"]
[Result "1-0"]
[WhiteElo "2286"]
[BlackElo "2057"]
[PlyCount "66"]
[EventDate "2017.08.01"]
[EventType "swiss"]
[EventRounds "9"]
[EventCountry "ESP"]
[SourceTitle "CBM 179 Extra"]
[Source "ChessBase"]
[SourceDate "2017.08.23"]
[SourceVersion "1"]
[SourceVersionDate "2017.08.23"]
[SourceQuality "1"]

1. d4 g6 2. c4 d6 3. Nf3 Bg7 4. Nc3 Nf6 5. e4 0-0 6. Be2 e5 7. d5 a5 8. Bg5 h6 9. Bh4 Qe8 10. Nd2 Nh7 11. 0-0 h5 12. f3 Bh6 13. a3 Be3+ 14. Kh1 Bd7 15. b3 Na6 16. Ra2 f6 17. Qb1 f5 18. exf5 gxf5 19. Bf2 Bf4 20. b4 axb4 21. axb4 Qe7 22. c5 dxc5 23. Bxa6 bxa6 24. Bxc5 Qh4 25. Bg1 Kh8 26. Qe1 Qg5 27. Nc4 h4 28. Nxe5 Rae8 29. Bd4 Nf6 30. Nxd7 Rxe1 31. Rxe1 Kg8 32. Nxf8 Kxf8 33. Rxa6 h3 1-0

[Event "Almansa op-A 12th"]
[Site "Almansa"]
[Date "2017.08.01"]
[Round "1"]
[White "Cebrian Flores, Juan Antonio"]
[Black "Castellanos Gomez, Alejandro"]
[Result "0-1"]
[WhiteElo "2057"]
[BlackElo "2238"]
[PlyCount "86"]
[EventDate "2017.08.01"]
[EventType "swiss"]
[EventRounds "9"]
[EventCountry "ESP"]
[SourceTitle "CBM 179 Extra"]
[Source "ChessBase"]
[SourceDate "2017.08.23"]
[SourceVersion "1"]
[SourceVersionDate "2017.08.23"]
[SourceQuality "1"]

1. d4 Nf6 2. c4 e6 3. g3 d5 4. Nf3 Be7 5. Bg2 0-0 6. 0-0 dxc4 7. Qc2 a6 8. Qxc4 b5 9. Qc2 Bb7 10. Bd2 Nbd7 11. Ba5 Rc8 12. Rc1 Qe8 13. b4 Nd5 14. a3 f5 15. e4 N5b6 16. exf5 exf5 17. Nbd2 Qh5 18. Ne1 Bxg2 19. Nxg2 Bg5 20. Bxb6 Nxb6 21. Re1 Qg4 22. f4 Bf6 23. Nb3 Qf3 24. Rad1 Nc4 25. Nc5 Qxa3 26. Ne6 Rf7 27. Ra1 Qxb4 28. Rxa6 Re8 29. d5 Nd2 30. Qc6 Rfe7 31. Ra8 Rxa8 32. Qxa8+ Kf7 33. Qf8+ Kg6 34. Kh1 Ne4 35. g4 Nf2+ 36. Kg1 Nxg4 37. h3 Nh6 38. Kh2 Nf7 39. Nh4+ Bxh4 40. Qxg7+ Kh5 41. Qxh7+ Nh6 42. Ng7+ Rxg7 43. Qxg7 Qd2+ 0-1

[Event "Xativa Murta op 3rd"]
[Site "Xativa"]
[Date "2017.07.20"]
[Round "5"]
[White "Cebrian Flores, Juan Antonio"]
[Black "Bas Mas, Miguel"]
[Result "0-1"]
[WhiteElo "2044"]
[BlackElo "2244"]
[PlyCount "94"]
[EventDate "2017.07.17"]
[EventType "swiss"]
[EventRounds "7"]
[EventCountry "ESP"]
[SourceTitle "CBM 179 Extra"]
[Source "ChessBase"]
[SourceDate "2017.08.23"]
[SourceVersion "1"]
[SourceVersionDate "2017.08.23"]
[SourceQuality "1"]

1. d4 f5 2. e4 fxe4 3. Nc3 Nf6 4. Bg5 g6 5. Bxf6 exf6 6. Nxe4 d5 7. Ng3 Qe7+ 8. Qe2 Nc6 9. 0-0-0 Qxe2 10. Bxe2 Be6 11. Nf3 0-0-0 12. Kb1 Bd6 13. Rhe1 Rhe8 14. Nf1 Bf5 15. a3 Bf4 16. g3 Bh6 17. Bb5 Bg4 18. Bxc6 bxc6 19. Rxe8 Rxe8 20. Re1 Re4 21. Rxe4 dxe4 22. N3d2 Be2 23. Ne3 f5 24. Kc1 Kd7 25. b3 Bg7 26. d5 cxd5 27. Nxd5 Bd4 28. Ne3 Ke6 29. b4 g5 30. Nb3 Bc3 31. Nd1 Bg7 32. Kd2 Bb5 33. a4 Be8 34. Ne3 f4 35. Nc5+ Ke5 36. Nd1 Bf8 37. Nc3 Bxc5 38. bxc5 Bc6 39. a5 fxg3 40. fxg3 Kd4 41. Nd1 Kxc5 42. Ke3 Kb5 43. h4 gxh4 44. gxh4 Kxa5 45. Kf4 Kb4 46. Kg5 a5 47. Nb2 a4 0-1

[Event "Xativa Murta op 3rd"]
[Site "Xativa"]
[Date "2017.07.18"]
[Round "2"]
[White "Plaskett, H James"]
[Black "Cebrian Flores, Juan Antonio"]
[Result "1/2-1/2"]
[WhiteElo "2463"]
[BlackElo "2044"]
[PlyCount "102"]
[EventDate "2017.07.17"]
[EventType "swiss"]
[EventRounds "7"]
[EventCountry "ESP"]
[SourceTitle "CBM 179 Extra"]
[Source "ChessBase"]
[SourceDate "2017.08.23"]
[SourceVersion "1"]
[SourceVersionDate "2017.08.23"]
[SourceQuality "1"]

1. c4 g6 2. Nc3 Bg7 3. d4 d6 4. e4 Nf6 5. f3 0-0 6. Be3 b6 7. Qd2 c5 8. d5 e6 9. Nge2 exd5 10. cxd5 Re8 11. Ng3 Nbd7 12. Be2 a6 13. a4 h5 14. 0-0 h4 15. Nh1 Ne5 16. Nf2 Nh7 17. f4 Nd7 18. Rae1 Ndf8 19. Kh1 Bd7 20. Bd3 Qc7 21. b3 Qb7 22. f5 gxf5 23. exf5 Nf6 24. Bh6 N8h7 25. Nfe4 Nxe4 26. Nxe4 Be5 27. f6 Qxd5 28. Bg7 h3 29. Rf3 Bg4 30. Qh6 hxg2+ 31. Kg1 Bd4+ 32. Kxg2 Bxf3+ 33. Kxf3 Qf5+ 34. Kg2 d5 35. Rf1 Qg4+ 36. Ng3 Re4 37. Bxe4 dxe4 38. Rf4 Qg6 39. Qh4 Be3 40. Rf5 Re8 41. Rd5 Bg5 42. Qxe4 Qxe4+ 43. Nxe4 Rxe4 44. Rd8+ Nf8 45. Rxf8+ Kh7 46. Rxf7 Kg6 47. Rc7 Re6 48. a5 Bxf6 49. Bf8 Bd4 50. axb6 Rxb6 51. Bxc5 Bxc5 1/2-1/2

[Event "Benidorm op U2000 15th"]
[Site "Benidorm"]
[Date "2016.12.09"]
[Round "9"]
[White "Fernandez Lopez, Alejandro I"]
[Black "Cebrian Flores, Juan Antonio"]
[Result "0-1"]
[WhiteElo "1934"]
[BlackElo "1993"]
[PlyCount "76"]
[EventDate "2016.12.02"]
[EventType "swiss"]
[EventRounds "10"]
[EventCountry "ESP"]
[SourceTitle "EXT 2019"]
[Source "ChessBase"]
[SourceDate "2018.10.10"]
[SourceVersion "1"]
[SourceVersionDate "2018.10.10"]
[SourceQuality "1"]

1. e4 c5 2. Nf3 d6 3. d4 cxd4 4. Nxd4 Nf6 5. Nc3 g6 6. Be3 Bg7 7. f3 Nc6 8. Qd2 0-0 9. 0-0-0 d5 10. Qe1 e5 11. Nxc6 bxc6 12. exd5 Nxd5 13. Bc4 Be6 14. Ne4 Qc7 15. Bc5 Rfd8 16. h4 h6 17. g4 Kh7 18. Ng5+ hxg5 19. hxg5+ Kg8 20. Qh4 Rd6 21. Qh7+ Kf8 22. Rd3 Rad8 23. Rhd1 Qe7 24. Bb3 Qxg5+ 25. Kb1 e4 26. Bxd6+ Rxd6 27. fxe4 Qe5 28. c3 Qxe4 29. Bc2 Qxg4 30. Qh2 Rd7 31. Rg3 Nxc3+ 32. bxc3 Rxd1+ 33. Bxd1 Qxd1+ 34. Kb2 Qd5 35. Ka1 Be5 36. Qh6+ Ke7 37. Qh4+ Ke8 38. Qd8+ Qxd8 0-1

[Event "Benidorm op U2000 15th"]
[Site "Benidorm"]
[Date "2016.12.06"]
[Round "6"]
[White "Perez Beltran, Salvador"]
[Black "Cebrian Flores, Juan Antonio"]
[Result "1-0"]
[WhiteElo "1969"]
[BlackElo "1993"]
[PlyCount "98"]
[EventDate "2016.12.02"]
[EventType "swiss"]
[EventRounds "10"]
[EventCountry "ESP"]
[SourceTitle "EXT 2019"]
[Source "ChessBase"]
[SourceDate "2018.10.10"]
[SourceVersion "1"]
[SourceVersionDate "2018.10.10"]
[SourceQuality "1"]

1. d4 Nf6 2. Nf3 d6 3. c4 g6 4. Nc3 Bg7 5. e4 0-0 6. Be2 e5 7. Be3 Ng4 8. Bg5 f6 9. Bh4 g5 10. Bg3 Nh6 11. c5 g4 12. Nh4 Nc6 13. cxd6 cxd6 14. dxe5 fxe5 15. Bc4+ Kh8 16. Qd2 Nd4 17. 0-0 Be6 18. Bxe6 Nxe6 19. Qd5 Qe7 20. Nb5 Rfd8 21. Nf5 Nxf5 22. exf5 Nc5 23. Rac1 Na6 24. Rfd1 Bf8 25. Nxd6 Rxd6 26. Bxe5+ Rf6 27. Qb5 Rd8 28. Rxd8 Qxd8 29. Qxb7 Nc5 30. Qc6 Nd7 31. Bc3 Qe7 32. Rd1 Ne5 33. Qd5 Rxf5 34. Bd4 Bg7 35. Qe4 Nf3+ 36. gxf3 Qxe4 37. fxe4 Rf7 38. Bxg7+ Kxg7 39. Rd6 Re7 40. Ra6 h5 41. b4 Rxe4 42. Rxa7+ Kf6 43. b5 Kg5 44. b6 Rb4 45. b7 h4 46. Kf1 Rb2 47. a3 Kf5 48. Ke1 Ke5 49. Kd1 Kd5 1-0

[Event "Benimodo U2200 op 11th"]
[Site "Benimodo"]
[Date "2016.08.21"]
[Round "7"]
[White "Cebrian Flores, Juan Antonio"]
[Black "Rubio Tent, Francisco"]
[Result "0-1"]
[WhiteElo "2021"]
[BlackElo "2199"]
[PlyCount "89"]
[EventDate "2016.08.19"]
[EventType "swiss"]
[EventRounds "7"]
[EventCountry "ESP"]
[SourceTitle "EXT 2024"]
[Source "ChessBase"]
[SourceDate "2023.10.10"]
[SourceVersion "1"]
[SourceVersionDate "2023.10.10"]
[SourceQuality "1"]

1. e4 c6 2. d4 d5 3. e5 Bf5 4. h4 h5 5. Bg5 Qb6 6. Bd3 Bxd3 7. Qxd3 e6 8. Nd2 Qa6 9. c4 Bb4 10. b3 Ne7 11. Bxe7 Bxe7 12. Ne2 Nd7 13. f4 g6 14. Qf3 Bb4 15. Nc3 Qa3 16. Ke2 Qa6 17. Kf2 Qb6 18. Qd3 Rd8 19. Kg3 Qa6 20. a3 Be7 21. Qe2 dxc4 22. Qxc4 b5 23. Qe2 Nb6 24. Nf3 Qb7 25. Ne4 Kf8 26. Kh3 Kg7 27. g3 Rd5 28. Rhc1 Rhd8 29. Qc2 Rc8 30. Nc3 Rdd8 31. Ne4 c5 32. dxc5 Bxc5 33. Qe2 Be7 34. Nd6 Rxc1 35. Nxb7 Rxa1 36. Nxd8 Bxd8 37. Qxb5 Rxa3 38. Qb4 Ra2 39. Qd6 Rf2 40. Nd4 Nd5 41. Qxd8 Ne3 42. Qf6+ Kg8 43. Qd8+ Kg7 44. g4 hxg4+ 45. Kg3 0-1

[Event "Mislata op 50th"]
[Site "Mislata"]
[Date "2016.08.12"]
[Round "7"]
[White "Echeverria, Nestor"]
[Black "Cebrian Flores, Juan Antonio"]
[Result "1-0"]
[WhiteElo "2092"]
[BlackElo "2021"]
[PlyCount "107"]
[EventDate "2016.08.08"]
[EventType "swiss"]
[EventRounds "9"]
[EventCountry "ESP"]
[SourceTitle "EXT 2017"]
[Source "ChessBase"]
[SourceDate "2016.10.25"]
[SourceVersion "1"]
[SourceVersionDate "2016.10.25"]
[SourceQuality "1"]

1. d4 g6 2. Nf3 Bg7 3. Bf4 d6 4. e3 Nd7 5. Be2 e5 6. Bg3 Nh6 7. c4 0-0 8. Nc3 Nf5 9. Qd2 c6 10. Rd1 Qe7 11. dxe5 dxe5 12. Ne4 Nf6 13. Nxf6+ Bxf6 14. 0-0 Nxg3 15. hxg3 Bg4 16. Qc2 Rfd8 17. a3 a5 18. Rfe1 Bf5 19. Qa4 Qc7 20. c5 Be7 21. e4 Bg4 22. Qc2 Kg7 23. b4 axb4 24. axb4 h5 25. Bc4 h4 26. Rxd8 Rxd8 27. Nxh4 Bxh4 28. gxh4 Qe7 29. Qc3 Rh8 30. g3 g5 31. hxg5 Qxg5 32. f4 Qh5 33. Qxe5+ Qxe5 34. fxe5 Re8 35. Rf1 Bh5 36. e6 fxe6 37. e5 Bg4 38. Rf4 Bf5 39. g4 Bh7 40. Rf6 Bg8 41. Kf2 Bf7 42. Ke3 Kf8 43. g5 Kg7 44. g6 Bg8 45. Kf4 Ra8 46. Bxe6 Ra4 47. Kg5 Rxb4 48. Bxg8 Kxg8 49. e6 Re4 50. Kf5 Re1 51. Rf7 Re2 52. e7 Rf2+ 53. Ke6 Re2+ 54. Kd7 1-0

[Event "Mislata op 50th"]
[Site "Mislata"]
[Date "2016.08.09"]
[Round "2"]
[White "Sanchez Barbado, Carlos"]
[Black "Cebrian Flores, Juan Antonio"]
[Result "1-0"]
[WhiteElo "2216"]
[BlackElo "2021"]
[PlyCount "49"]
[EventDate "2016.08.08"]
[EventType "swiss"]
[EventRounds "9"]
[EventCountry "ESP"]
[SourceTitle "EXT 2017"]
[Source "ChessBase"]
[SourceDate "2016.10.25"]
[SourceVersion "1"]
[SourceVersionDate "2016.10.25"]
[SourceQuality "1"]

1. e4 c5 2. Nc3 a6 3. g3 g6 4. Bg2 d6 5. d3 Bg7 6. f4 Nc6 7. Nf3 e6 8. 0-0 Nge7 9. Be3 Nd4 10. Qd2 0-0 11. Rae1 b6 12. Nd1 Bb7 13. Nf2 Nxf3+ 14. Bxf3 Qc7 15. f5 exf5 16. Bh6 f6 17. Bxg7 Kxg7 18. Nh3 Rae8 19. Nf4 Bc8 20. Qc3 b5 21. exf5 Nxf5 22. Rxe8 Rxe8 23. Qxf6+ Kxf6 24. Nd5+ Kg7 25. Nxc7 1-0

[Event "Mislata op 50th"]
[Site "Mislata"]
[Date "2016.08.08"]
[Round "1"]
[White "Cebrian Flores, Juan Antonio"]
[Black "Insa Alfonso, Pablo"]
[Result "0-1"]
[WhiteElo "2021"]
[BlackElo "2196"]
[PlyCount "72"]
[EventDate "2016.08.08"]
[EventType "swiss"]
[EventRounds "9"]
[EventCountry "ESP"]
[SourceTitle "EXT 2017"]
[Source "ChessBase"]
[SourceDate "2016.10.25"]
[SourceVersion "1"]
[SourceVersionDate "2016.10.25"]
[SourceQuality "1"]

1. e4 c5 2. Nf3 Nc6 3. d4 cxd4 4. Nxd4 g6 5. Nc3 Bg7 6. Be3 Nf6 7. Bc4 0-0 8. Bb3 d6 9. f3 Bd7 10. Qd2 Na5 11. 0-0 Rc8 12. Qf2 a6 13. Nde2 Nc4 14. Bxc4 Rxc4 15. Bb6 Qc8 16. Qe3 Be6 17. b3 Rc6 18. Bd4 b5 19. a3 Qb7 20. Rac1 Rfc8 21. Qd3 Qc7 22. h3 Ne8 23. f4 Rxc3 24. Bxc3 Bxc3 25. f5 Bd7 26. Nf4 Nf6 27. Rcd1 Be5 28. fxg6 hxg6 29. Nd5 Nxd5 30. exd5 Qxc2 31. Qf3 Bf5 32. Rc1 Qxc1 33. Rxc1 Rxc1+ 34. Kf2 Rc3 35. Qd1 Bc2 36. Qg4 Bxb3 0-1

[Event "Benidorm op U2000 14th"]
[Site "Benidorm"]
[Date "2015.12.03"]
[Round "6"]
[White "Cebrian Flores, Juan Antonio"]
[Black "Cemborain Oricain, Alfonso"]
[Result "1/2-1/2"]
[WhiteElo "1995"]
[BlackElo "1913"]
[PlyCount "58"]
[EventDate "2015.11.28"]
[EventType "swiss"]
[EventRounds "10"]
[EventCountry "ESP"]
[SourceTitle "CBM 169 Extra"]
[Source "ChessBase"]
[SourceDate "2015.12.18"]
[SourceVersion "1"]
[SourceVersionDate "2015.12.18"]
[SourceQuality "1"]

1. d4 d5 2. c4 c6 3. Nf3 Nf6 4. e3 Bf5 5. Nc3 e6 6. Nh4 Bg6 7. Be2 Nbd7 8. Qb3 Qb6 9. Nxg6 hxg6 10. Qc2 Qc7 11. h3 a6 12. cxd5 cxd5 13. Qa4 Rc8 14. Bd2 Bd6 15. g4 g5 16. Rc1 Qd8 17. Kf1 Kf8 18. Kg2 g6 19. Bd3 e5 20. Ne2 e4 21. Bb1 Kg7 22. Qb3 Rb8 23. a4 b5 24. axb5 Rxb5 25. Qa2 Qb6 26. Rc2 Bb4 27. Bxb4 Rxb4 28. Nc3 Qe6 29. Qa5 Rhb8 1/2-1/2

[Event "Valencia Region-ch"]
[Site "Valencia"]
[Date "2015.10.17"]
[Round "2.16"]
[White "Lozano Gil, Jose Luis"]
[Black "Cebrian Flores, Juan Antonio"]
[Result "0-1"]
[WhiteElo "1922"]
[BlackElo "1995"]
[PlyCount "58"]
[EventDate "2015.10.03"]
[EventType "swiss"]
[EventRounds "7"]
[EventCountry "ESP"]
[SourceTitle "EXT 2024"]
[Source "ChessBase"]
[SourceDate "2023.10.10"]
[SourceVersion "1"]
[SourceVersionDate "2023.10.10"]
[SourceQuality "1"]

1. d4 g6 2. Nf3 Bg7 3. Bf4 d6 4. e3 Nf6 5. Be2 0-0 6. 0-0 Nfd7 7. Nc3 e5 8. Bg3 Nc6 9. h3 h6 10. Qd2 Re8 11. dxe5 Ndxe5 12. Rad1 Nxf3+ 13. Bxf3 Ne5 14. Bd5 h5 15. f4 Nc6 16. a3 Ne7 17. Bb3 Nf5 18. Bf2 c6 19. Rfe1 c5 20. Nb5 Bxb2 21. c3 a6 22. e4 axb5 23. Qxb2 c4 24. exf5 Rxe1+ 25. Rxe1 cxb3 26. fxg6 Be6 27. gxf7+ Bxf7 28. Bd4 Qh4 29. c4 Qxe1+ 0-1

[Event "Valencia Region-ch"]
[Site "Valencia"]
[Date "2015.10.03"]
[Round "1.4"]
[White "Cebrian Flores, Juan Antonio"]
[Black "Silva Rodriguez, Julio Jose"]
[Result "0-1"]
[WhiteElo "1995"]
[BlackElo "2230"]
[PlyCount "72"]
[EventDate "2015.10.03"]
[EventType "swiss"]
[EventRounds "7"]
[EventCountry "ESP"]
[SourceTitle "EXT 2024"]
[Source "ChessBase"]
[SourceDate "2023.10.10"]
[SourceVersion "1"]
[SourceVersionDate "2023.10.10"]
[SourceQuality "1"]

1. Nf3 Nf6 2. c4 e6 3. g3 d5 4. b3 d4 5. Bg2 c5 6. 0-0 Nc6 7. Bb2 Be7 8. e3 0-0 9. exd4 cxd4 10. Re1 Ne8 11. Na3 f6 12. d3 e5 13. Nc2 Nc7 14. a3 a5 15. Nd2 Ne6 16. Qf3 Qb6 17. Rab1 Kh8 18. Ba1 Bd7 19. h4 Rab8 20. Kh2 Qc7 21. b4 b5 22. c5 f5 23. Qe2 Bf6 24. Kg1 Rbe8 25. Qf1 Rf7 26. Qe2 Ref8 27. Rf1 e4 28. dxe4 f4 29. g4 f3 30. Nxf3 Nf4 31. Qd2 Bxg4 32. Nfxd4 Nxg2 33. Kxg2 Bxd4 34. Bxd4 Bf3+ 35. Kg1 Rf4 36. Ne3 Rxh4 0-1

[Event "Sueca op 1st"]
[Site "Sueca"]
[Date "2015.07.29"]
[Round "3"]
[White "Cebrian Flores, Juan Antonio"]
[Black "Castello Castello, Juan Jose"]
[Result "1-0"]
[WhiteElo "1991"]
[BlackElo "1672"]
[PlyCount "111"]
[EventDate "2015.07.27"]
[EventType "swiss"]
[EventRounds "8"]
[EventCountry "ESP"]
[SourceTitle "EXT 2016"]
[Source "ChessBase"]
[SourceDate "2015.10.08"]
[SourceVersion "1"]
[SourceVersionDate "2015.10.08"]
[SourceQuality "1"]

1. d4 d5 2. c4 e6 3. Nf3 Nf6 4. g3 Nc6 5. Bg2 Bb4+ 6. Bd2 Bxd2+ 7. Nbxd2 0-0 8. 0-0 Rb8 9. a3 a5 10. Qc2 Ne7 11. Rac1 c6 12. Rfd1 Ng6 13. e4 dxe4 14. Nxe4 Nxe4 15. Qxe4 Qf6 16. Qe1 Qd8 17. h4 h6 18. h5 Ne7 19. Qe5 Bd7 20. g4 Ra8 21. b3 Qb8 22. Qe3 f6 23. Rc3 Qd6 24. Qc1 Kh8 25. Rcd3 Be8 26. a4 Bf7 27. Qe3 Qd7 28. Nd2 f5 29. f3 Rad8 30. Qe5 Qd6 31. Qxa5 fxg4 32. fxg4 Qf4 33. Rf1 Qb8 34. Rdf3 Bg8 35. Qc5 Rxf3 36. Nxf3 Qd6 37. Qxd6 Rxd6 38. a5 g5 39. Re1 Kg7 40. b4 Rd7 41. Kf2 Nc8 42. Ke3 Nd6 43. Ne5 Rc7 44. Ra1 Nc8 45. a6 bxa6 46. Rxa6 c5 47. dxc5 Ne7 48. Kd4 Rc8 49. b5 Rd8+ 50. Rd6 Rf8 51. c6 Rf4+ 52. Kc5 Kf6 53. Ng6 Rxg4 54. Nxe7 Kxe7 55. c7 e5 56. Bd5 1-0